<?xml version='1.0' encoding='UTF-8'?>
  <record xmlns="http://www.loc.gov/MARC21/slim">
    <leader>00000cam a22000007i 4500</leader>
    <controlfield tag="001">ocm65909344</controlfield>
    <controlfield tag="003">OCoLC</controlfield>
    <controlfield tag="005">20231213210205.5</controlfield>
    <controlfield tag="008">050604s1567    xx            000 0 lat d</controlfield>
    <datafield tag="040" ind1=" " ind2=" ">
      <subfield code="a">NLGGC</subfield>
      <subfield code="b">eng</subfield>
      <subfield code="e">rda</subfield>
      <subfield code="e">dcrmr</subfield>
      <subfield code="c">NLGGC</subfield>
      <subfield code="d">QGJ</subfield>
      <subfield code="d">OCLCF</subfield>
      <subfield code="d">OCLCL</subfield>
    </datafield>
    <datafield tag="029" ind1="0" ind2=" ">
      <subfield code="a">NLGGC</subfield>
      <subfield code="b">277282101</subfield>
    </datafield>
    <datafield tag="035" ind1=" " ind2=" ">
      <subfield code="a">(OCoLC)65909344</subfield>
    </datafield>
    <datafield tag="100" ind1="0" ind2=" ">
      <subfield code="a">August,</subfield>
      <subfield code="c">Elector of Saxony,</subfield>
      <subfield code="d">1526-1586.</subfield>
      <subfield code="1">https://id.oclc.org/worldcat/entity/E39PBJfh3YWgFdq8Rfw44CTyh3</subfield>
    </datafield>
    <datafield tag="245" ind1="1" ind2="0">
      <subfield code="a">Necessaria et vera responsio, firmaque refutatio, opposita criminationibus &amp; insimulationibus vanißimis, quibus Illustrißimus &amp; Illustrißimi generis Princeps et Dominus DN. Augustus Dux Saxoniae Elector etc. et Burgravius Magdepurgi, contra omnem veritatem, et absq[ue] ullis firmamentis, praeterq[ue] culpam &amp; meritum, à Duce Johan Friderico Saxonico, ut publico banno Imperii proscriptorum hominum, Wilhelmi Grumpachensis et complicum hujus, quiq[ue] manifesti sunt pacis publicae violatores et itinerum praedones, receptatore et protectore Principe, affectus est &amp; infamatus, in responso eo, quod duodecimo die mensis Julii superioris, Legatis Imperii dedit, in arce oppidi Gothae Grimmenstein, atq[ue] insuper in iis literis, quas ad praecipuos quosdam Electores et Principes scripsit, et deinceps typis expressas in contemtu tam Caesarae Majestatis q[uam] illustrißimi Principis Electoris summo, &amp; ad existimationem utriusque diminuendam, huc illuc sparsit.</subfield>
    </datafield>
    <datafield tag="246" ind1="3" ind2=" ">
      <subfield code="a">Necessaria et vera responsio, firmaqve refutatio, opposita criminationibvs</subfield>
    </datafield>
    <datafield tag="264" ind1=" " ind2="1">
      <subfield code="a">[Place of publication not identified] :</subfield>
      <subfield code="b">[publisher not identified],</subfield>
      <subfield code="c">Anno M.D.LXVII. [1567]</subfield>
    </datafield>
    <datafield tag="300" ind1=" " ind2=" ">
      <subfield code="a">78 unnumbered leaves ;</subfield>
      <subfield code="c">21 cm (4to)</subfield>
    </datafield>
    <datafield tag="336" ind1=" " ind2=" ">
      <subfield code="a">text</subfield>
      <subfield code="b">txt</subfield>
      <subfield code="2">rdacontent</subfield>
    </datafield>
    <datafield tag="337" ind1=" " ind2=" ">
      <subfield code="a">unmediated</subfield>
      <subfield code="b">n</subfield>
      <subfield code="2">rdamedia</subfield>
    </datafield>
    <datafield tag="338" ind1=" " ind2=" ">
      <subfield code="a">volume</subfield>
      <subfield code="b">nc</subfield>
      <subfield code="2">rdacarrier</subfield>
    </datafield>
    <datafield tag="340" ind1=" " ind2=" ">
      <subfield code="m">4to</subfield>
      <subfield code="2">rdabf</subfield>
    </datafield>
    <datafield tag="500" ind1=" " ind2=" ">
      <subfield code="a">Signatures: A-S⁴ T⁶.</subfield>
    </datafield>
    <datafield tag="500" ind1=" " ind2=" ">
      <subfield code="a">Initials; tail-piece.</subfield>
    </datafield>
    <datafield tag="510" ind1="4" ind2=" ">
      <subfield code="a">Verzeichnis der im deutschen Sprachbereich erschienenen Drucke des 16. Jahrhunderts (VD 16),</subfield>
      <subfield code="c">N 440</subfield>
    </datafield>
    <datafield tag="600" ind1="1" ind2="0">
      <subfield code="a">Grumbach, Wilhelm von,</subfield>
      <subfield code="d">1503-1567.</subfield>
    </datafield>
    <datafield tag="651" ind1=" " ind2="0">
      <subfield code="a">Germany</subfield>
      <subfield code="x">History</subfield>
      <subfield code="y">Ferdinand I, 1556-1564</subfield>
      <subfield code="v">Early works to 1800.</subfield>
    </datafield>
    <datafield tag="651" ind1=" " ind2="0">
      <subfield code="a">Germany</subfield>
      <subfield code="x">History</subfield>
      <subfield code="y">Maximilian II, 1564-1576</subfield>
      <subfield code="v">Early works to 1800.</subfield>
    </datafield>
    <datafield tag="651" ind1=" " ind2="0">
      <subfield code="a">Saxony (Germany)</subfield>
      <subfield code="x">History</subfield>
      <subfield code="v">Early works to 1800.</subfield>
    </datafield>
    <datafield tag="600" ind1="0" ind2="0">
      <subfield code="a">Johann Friedrich</subfield>
      <subfield code="b">I,</subfield>
      <subfield code="c">Kurfürst von Sachsen,</subfield>
      <subfield code="d">1503-1554.</subfield>
    </datafield>
    <datafield tag="600" ind1="1" ind2="7">
      <subfield code="a">Grumbach, Wilhelm von,</subfield>
      <subfield code="d">1503-1567.</subfield>
      <subfield code="2">fast</subfield>
      <subfield code="0">(OCoLC)fst00454866</subfield>
      <subfield code="1">https://id.oclc.org/worldcat/entity/E39PBJpPHJ3HFFXV6pCYYkfDv3</subfield>
    </datafield>
    <datafield tag="600" ind1="0" ind2="7">
      <subfield code="a">Johann Friedrich</subfield>
      <subfield code="b">I,</subfield>
      <subfield code="c">Kurfürst von Sachsen,</subfield>
      <subfield code="d">1503-1554.</subfield>
      <subfield code="2">fast</subfield>
      <subfield code="0">(OCoLC)fst00458144</subfield>
      <subfield code="1">https://id.oclc.org/worldcat/entity/E39PBJy8pJ6vFwp39Mk4h3V6Kd</subfield>
    </datafield>
    <datafield tag="648" ind1=" " ind2="7">
      <subfield code="a">1556-1576</subfield>
      <subfield code="2">fast</subfield>
    </datafield>
    <datafield tag="651" ind1=" " ind2="7">
      <subfield code="a">Germany.</subfield>
      <subfield code="2">fast</subfield>
      <subfield code="0">(OCoLC)fst01210272</subfield>
      <subfield code="1">https://id.oclc.org/worldcat/entity/E39PBJtCD3rcKcPDx6FHmjvrbd</subfield>
    </datafield>
    <datafield tag="651" ind1=" " ind2="7">
      <subfield code="a">Germany</subfield>
      <subfield code="z">Saxony.</subfield>
      <subfield code="2">fast</subfield>
      <subfield code="0">(OCoLC)fst01233658</subfield>
      <subfield code="1">https://id.oclc.org/worldcat/entity/E39PBJxrRTK7BBrjRGC6Hpvfv3</subfield>
    </datafield>
    <datafield tag="655" ind1=" " ind2="7">
      <subfield code="a">Early works.</subfield>
      <subfield code="2">fast</subfield>
      <subfield code="0">(OCoLC)fst01411636</subfield>
    </datafield>
    <datafield tag="655" ind1=" " ind2="7">
      <subfield code="a">History.</subfield>
      <subfield code="2">fast</subfield>
      <subfield code="0">(OCoLC)fst01411628</subfield>
    </datafield>
  </record>